| 000 | 00485cam a2200181 a 4500 | ||
|---|---|---|---|
| 020 | _a0393963462 (v. 1) | ||
| 020 | _a0393963489 (pbk. : v. 2) | ||
| 020 | _a0393963470 (cloth : v. 2) | ||
| 040 | _cDLC | ||
| 082 | 0 | 0 | _a808 WWN 1995 A092 Or. |
| 245 | 0 | 4 | _aThe Norton anthology of world masterpieces / |
| 250 | _aExpanded ed. | ||
| 260 |
_aNew York : _bW.W. Norton, _cc1995. |
||
| 300 |
_a2 v. : _bill. ; _c24 cm. |
||
| 650 | 0 | _aLiterature | |
| 700 | 1 | _aMack, Maynard, | |
| 942 | _cEK | ||
| 999 |
_c12329 _d12329 |
||